000 00808nam a2200217 a 4500
001 000049101
003 OSt
005 20201123083210.0
008 190718s1994 dr ac r 000 0 spa d
040 _aDO-SdBNP
_bspa
_cBNPHU
082 _axxxx
_bM766e
100 1 _aMontás Pérez, Esther de
_976477
245 1 0 _aEnsayos universitarios :
_b(1953-1956) /
_cEsther Montás de Pérez ; dedicatoria Marisol Pérez Montás de García ; presentación Salvador Tavárez
260 _aSanto Domingo :
_bMograf,
_c1994.
300 _a123 p. :
_bil. retrs. ;
_c23 cm.
500 _aIncluye referencias bibliográficas y notas al pie de las páginas
590 _aInventariado, 2019/BT
700 1 2 _aPérez Montas de García, Marisol
_eded.
_977350
700 1 2 _aTavárez, Salvador
_epres.
_977351
942 _2ddc
_cLBS1
999 _c48589
_d48589